00343nam a2200133Ia 4500008004100000020001500041041001200056082001600068100001700084245005400101260003100155300000800186650001500194221030s9999 xx 000 0 und d a8126113936 aEnglish a105.23bBha aV. K. Bhalla 0aInternational Financial Management : Text & Cases bAnmol PubaNew Delhic2003 a997 aManagement